| 000 | 01106nam1a22004091 4500 | ||
|---|---|---|---|
| 001 | RU\NLR\A1SV\35224 | ||
| 005 | 20251203171251.9 | ||
| 035 | _a(NLR Aleph) 009717720 | ||
| 090 |
_a9861525 _c9861525 |
||
| 100 | _a19800927d1925 u y0rusy50 ca | ||
| 101 | 0 | _arus | |
| 102 | _aRU | ||
| 200 | 1 |
_aЖивой уголок любителя природы _fС.Герд _g[Рис. работы Н.Н.Коробова] |
|
| 210 |
_aЛ. _cБрокгауз-Ефрон _d1925 |
||
| 215 | _d23 см | ||
| 620 | _dСанкт-Петербург | ||
| 700 | 1 |
_aГерд _bС.В. _f1897-1961 _gСергей Владимирович _4070 |
|
| 702 | 1 |
_aКоробов _bН.Н. |
|
| 801 | 0 |
_aRU _bNLR _c19800927 |
|
| 852 |
_aNLR _j16/408 |
||
| 899 | _aСГСПУ | ||
| 899 | _aКирОУНБ | ||
| 899 | _aНБУВ | ||
| 899 | _aБАН | ||
| 899 | _aТОУНБ | ||
| 899 | _aРГБ | ||
| 899 | _aРКП | ||
| 899 | _aМГУ | ||
| 899 | _aНБЛ КГУ | ||
| 899 | _aNLG | ||
| 899 | _aСПбГУ | ||
| 899 | _aNLC | ||
| 899 | _aНБ ТГУ | ||
| 942 | _cBOOK | ||
| 980 | _aNB | ||
| 980 | _aA1SV | ||